Invitation to psychology / (Record no. 21632)
[ view plain ]
| 000 -LEADER | |
|---|---|
| fixed length control field | 00967cam a22003015a 4500 |
| 001 - CONTROL NUMBER | |
| control field | 016862185 |
| 003 - CONTROL NUMBER IDENTIFIER | |
| control field | OSt |
| 005 - DATE AND TIME OF LATEST TRANSACTION | |
| control field | 20201128023724.0 |
| 008 - FIXED-LENGTH DATA ELEMENTS--GENERAL INFORMATION | |
| fixed length control field | 150803t2015 enka frbd 001 0 eng d |
| 015 ## - NATIONAL BIBLIOGRAPHY NUMBER | |
| National bibliography number | GBB5E1701 |
| Source | bnb |
| 020 ## - INTERNATIONAL STANDARD BOOK NUMBER | |
| International Standard Book Number | 9781292056562 (paperback) |
| 020 ## - INTERNATIONAL STANDARD BOOK NUMBER | |
| International Standard Book Number | 1292056568 (paperback) |
| 040 ## - CATALOGING SOURCE | |
| Original cataloging agency | StDuBDS |
| Language of cataloging | eng |
| Transcribing agency | StDuBDS |
| Modifying agency | EG-ScBUE |
| 082 04 - DEWEY DECIMAL CLASSIFICATION NUMBER | |
| Classification number | 150 |
| Item number | WAD |
| Edition number | 22 |
| 100 1# - MAIN ENTRY--PERSONAL NAME | |
| Personal name | Wade, Carole |
| Titles and other words associated with a name | (Professor of psychology) |
| 9 (RLIN) | 883 |
| 245 10 - TITLE STATEMENT | |
| Title | Invitation to psychology / |
| Statement of responsibility, etc | Carole Wade, Carol Tavris, Maryanne Garry. |
| 250 ## - EDITION STATEMENT | |
| Edition statement | 6th ed., Global ed. |
| 260 ## - PUBLICATION, DISTRIBUTION, ETC. (IMPRINT) | |
| Place of publication, distribution, etc | Harlow : |
| Name of publisher, distributor, etc | Pearson Education Limited, |
| Date of publication, distribution, etc | c.2015. |
| 300 ## - PHYSICAL DESCRIPTION | |
| Extent | 1 v. (various pagings) : |
| Other physical details | ill. (some col.) ; |
| Dimensions | 28 cm. |
| 500 ## - GENERAL NOTE | |
| General note | Includes glossary. |
| 504 ## - BIBLIOGRAPHY, ETC. NOTE | |
| Bibliography, etc | Includes bibliographical references and index. |
| 650 #7 - SUBJECT ADDED ENTRY--TOPICAL TERM | |
| Topical term or geographic name as entry element | Psychology. |
| Source of heading or term | BUEsh |
| 9 (RLIN) | 890 |
| 651 ## - SUBJECT ADDED ENTRY--GEOGRAPHIC NAME | |
| Source of heading or term | BUEsh |
| 653 ## - INDEX TERM--UNCONTROLLED | |
| Resource For college | Nursing |
| Arrived date list | April2016 |
| 700 1# - ADDED ENTRY--PERSONAL NAME | |
| Personal name | Tavris, Carol. |
| 9 (RLIN) | 884 |
| 700 1# - ADDED ENTRY--PERSONAL NAME | |
| Personal name | Garry, Maryanne. |
| 9 (RLIN) | 39830 |
| 942 ## - ADDED ENTRY ELEMENTS (KOHA) | |
| Source of classification or shelving scheme | Dewey Decimal Classification |
| Withdrawn status | Item status | Source of classification or shelving scheme | Damaged status | Not for loan | Vendor | Home library | Current library | Shelving location | Date acquired | Source of acquisition | Cost, normal purchase price | Total Checkouts | Total Renewals | Full call number | Barcode | Date last seen | Date last borrowed | Cost, replacement price | Koha item type |
|---|---|---|---|---|---|---|---|---|---|---|---|---|---|---|---|---|---|---|---|
| Dewey Decimal Classification | Alahram | Central Library | Central Library | Lower Floor | 17/04/2016 | Purchase | 295.00 | 5 | 18 | 150 WAD | 000032337 | 15/07/2025 | 14/10/2021 | 368.75 | Book - Borrowing | ||||
| Dewey Decimal Classification | Alahram | Central Library | Central Library | Lower Floor | 17/04/2016 | Purchase | 295.00 | 3 | 10 | 150 WAD | 000032336 | 15/07/2025 | 03/11/2020 | 368.75 | Book - Borrowing |